| 000 | 01038cam a22002895a 4500 | ||
|---|---|---|---|
| 001 | 17835205 | ||
| 005 | 20151209115105.0 | ||
| 008 | 130802s2013 maua frb 001 0 eng d | ||
| 020 | _a9780124159174 | ||
| 040 |
_aYDXCP _beng _cYDXCP _dEG-ScBUE _dEG-ScBUE |
||
| 082 | 0 | 4 |
_a005.1 _bOSH _222 |
| 100 | 1 |
_aOshana, Robert. _938880 |
|
| 245 | 1 | 0 |
_aSoftware engineering for embedded systems : _bmethods, practical techniques, and applications / _cRobert Oshana, Mark Kraeling. |
| 250 | _a1st ed. | ||
| 260 |
_aWaltham : _bNewnes / Elsevier , _c2013. |
||
| 300 |
_axlix, 1150 p. : _bill. ; _c24 cm. |
||
| 500 | _aIndex : p.1125-1150. | ||
| 500 | _a"Expert guide"--Page 1 of cover. | ||
| 500 | _aRead the experts to become an expert -- Page 1 of cover. | ||
| 504 | _aIncludes bibliographical references. | ||
| 650 | 7 |
_aEmbedded computer systems. _2BUEsh _923377 |
|
| 650 | 7 |
_aSoftware engineering. _2BUEsh |
|
| 651 | _2BUEsh | ||
| 653 |
_bCOMSCI _bENGELC _cAugust2015 _cDecember2015 |
||
| 700 | 1 | _aKraeling, Mark. | |
| 942 |
_2ddc _k005.1 OSH |
||
| 999 |
_c20575 _d20547 |
||